CIDADES DO BRASIL COM METRÔ - Statistics

Estatísticas Gerais
  • Esse quiz foi jogado 198 vezes
    64 desde o último reset
  • A pontuação média é 7 de 8
Estatísticas das Respostas
Resposta % Correto
São Paulo - SP
98%
Rio de Janeiro - RJ
97%
Fortaleza - CE
92%
Porto Alegre - RS
90%
Salvador - BA
90%
Belo Horizonte - MG
89%
Brasília - DF
87%
Recife - PE
84%
Nenhum quiz correspondente encontrado
Distribuição das Pontuações
Porcentagem de Pessoas com Cada Pontuação
Percentil de Números Respondidos
Sua Pontuação Histórica
Você não jogou esse quiz desde o último reset